Loading...
Science - Biology | 0 | 3 | 1 | 2 | 25 | 88 | 114.67 | 0 | 2 |
Fine Arts - Other Fine Arts | 0 | 3 | 1 | 1 | 25 | 106 | 118.00 | 0 | 2 |
Science - Physics | 0 | 2 | 1 | 2 | 15 | 123 | 127.00 | 0 | 0 |
Fine Arts - Classical Music | 1 | 0 | 0 | 0 | 15 | 46 | 46.00 | 1 | 1 |
Religion | 0 | 1 | 0 | 0 | 10 | 136 | 136.00 | 0 | 0 |
Geography | 0 | 1 | 0 | 1 | 10 | 142 | 142.00 | 0 | 1 |
Literature - Drama | 0 | 1 | 0 | 0 | 10 | 101 | 101.00 | 0 | 1 |
Philosophy | 0 | 1 | 0 | 1 | 10 | 84 | 84.00 | 0 | 0 |
Science - Other Science | 0 | 1 | 0 | 0 | 10 | 97 | 97.00 | 1 | 1 |
Science - Chemistry | 0 | 1 | 1 | 0 | 5 | 117 | 117.00 | 0 | 1 |
Fine Arts - Painting and Sculpture | 0 | 1 | 1 | 0 | 5 | 86 | 86.00 | 0 | 1 |
Science - Math | 0 | 0 | 0 | 0 | 0 | 0.00 | 0 | 0 | |
Social Science | 0 | 1 | 3 | 1 | -5 | 146 | 146.00 | 0 | 1 |
Literature - Long Fiction | 0 | 0 | 1 | 0 | -5 | 0.00 | 0 | 0 |